New Approach (Record no. 3300)

MARC details
000 -LEADER
fixed length control field 00347nam a22001577a 4500
005 - DATE AND TIME OF LATEST TRANSACTION
control field 20160620151011.0
008 - FIXED-LENGTH DATA ELEMENTS--GENERAL INFORMATION
fixed length control field 160620b xxu||||| |||| 00| 0 eng d
041 ## - LANGUAGE CODE
Language code of text/sound track or separate title eng
082 ## - DEWEY DECIMAL CLASSIFICATION NUMBER
Item number 8576
100 ## - MAIN ENTRY--AUTHOR NAME
Personal name Roy Shakhar Prashu (Editor)
245 ## - TITLE STATEMENT
Title New Approach
260 ## - PUBLICATION, DISTRIBUTION, ETC. (IMPRINT)
Year of publication 1998
300 ## - PHYSICAL DESCRIPTION
Number of Pages 200
650 ## - SUBJECT ADDED ENTRY--TOPICAL TERM
Topical Term Management
942 ## - ADDED ENTRY ELEMENTS (KOHA)
Koha item type Books
Holdings
Lost status Damaged status Collection code Home library Current library Shelving location Date acquired Cost, normal purchase price Full call number Accession Number Koha item type
    LIFE SKILL JRU Library JRU Library SHELF-47-A 20/06/2016 400.00 954 8576 Books